Ghai Essential Pediatric/ (Record no. 1195)

MARC details
000 -LEADER
Fixed length control field 00603nam a2200217Ia 4500
003 - CONTROL NUMBER IDENTIFIER
Control field IIN
005 - DATE AND TIME OF LATEST TRANSACTION
Control field 20250604121239.0
008 - FIXED-LENGTH DATA ELEMENTS--GENERAL INFORMATION
Fixed length control field 231217s9999 xx 000 0 und d
020 ## - INTERNATIONAL STANDARD BOOK NUMBER / ISBN
Price Rs.1295.00
International Standard Book Number 9789387964105
040 ## - CATALOGING SOURCE
Original cataloging agency IIN
Language of cataloging English
082 ## - DEWEY DECIMAL CLASSIFICATION NUMBER
Classification number 610.7362
Book Number PAU
100 1# - MAIN ENTRY--PERSONAL NAME
Personal name Ghai, Om Prakash
245 1# - TITLE STATEMENT
Title Ghai Essential Pediatric/
Statement of responsibility Om Prakash Ghai
250 ## - EDITION STATEMENT
Edition statement .-9th ed
Remainder of edition statement Ed. By -Vinod K Paul & Arvind Bagga
260 ## - IMPRINT
Name of publisher CBS
Place of publication New Delhi
Date of publication 2019
300 ## - PHYSICAL DESCRIPTION
Page / Vol. No xvi,798p.
650 1# - SUBJECT ADDED ENTRY--TOPICAL TERM
Topical term Pediatric
Form subdivision Nursing
700 1# - ADDED ENTRY--PERSONAL NAME
Personal name Ed. By Paul, Vinod K
700 1# - ADDED ENTRY--PERSONAL NAME
Personal name Ed. By Bagga, Arvind
942 ## - ADDED ENTRY ELEMENTS (KOHA)
Koha item type Books
Holdings
Withdrawn status Lost status Damaged status Not for loan Collection code Home library Current library Date acquired Price Total Checkouts Call number Accession number Date last seen Price effective from Koha item type Source of classification
          IDEAL INSTITUTE OF NURSING IDEAL INSTITUTE OF NURSING 17/12/2023 1295.00   610.7362 PAU 1189 17/12/2023 17/12/2023 Books  
          IDEAL INSTITUTE OF NURSING IDEAL INSTITUTE OF NURSING 17/12/2023 1295.00   610.7362 PAU 1190 17/12/2023 17/12/2023 Books  
          IDEAL INSTITUTE OF NURSING IDEAL INSTITUTE OF NURSING 17/12/2023 1295.00   610.7362 PAU 1191 17/12/2023 17/12/2023 Books  
          IDEAL INSTITUTE OF NURSING IDEAL INSTITUTE OF NURSING 17/12/2023 1295.00   610.7362 PAU 1192 17/12/2023 17/12/2023 Books  
          IDEAL INSTITUTE OF NURSING IDEAL INSTITUTE OF NURSING 17/12/2023 1295.00   610.7362 PAU 1193 17/12/2023 17/12/2023 Books  
          IDEAL INSTITUTE OF NURSING IDEAL INSTITUTE OF NURSING 17/12/2023 1295.00   610.7362 PAU 1194 17/12/2023 17/12/2023 Books  
          IDEAL INSTITUTE OF NURSING IDEAL INSTITUTE OF NURSING 17/12/2023 1295.00   610.7362 PAU 1195 17/12/2023 17/12/2023 Books  
          IDEAL INSTITUTE OF NURSING IDEAL INSTITUTE OF NURSING 17/12/2023 1295.00   610.7362 PAU 1196 17/12/2023 17/12/2023 Books  
          IDEAL INSTITUTE OF NURSING IDEAL INSTITUTE OF NURSING 17/12/2023 1295.00   610.7362 PAU 1197 17/12/2023 17/12/2023 Books  
          IDEAL INSTITUTE OF NURSING IDEAL INSTITUTE OF NURSING 17/12/2023 1295.00   610.7362 PAU 1198 17/12/2023 17/12/2023 Books  
        Purches Book IDEAL INSTITUTE OF NURSING IDEAL INSTITUTE OF NURSING 04/04/2024 1295.00   610.7362 PAU 1659 15/06/2024 15/06/2024 Books Dewey Decimal Classification
        Purches Book IDEAL INSTITUTE OF NURSING IDEAL INSTITUTE OF NURSING 04/04/2024 1295.00   610.7362 PAU 1660 15/06/2024 15/06/2024 Books Dewey Decimal Classification
© Ideal Institute Of Nursing, All rights reserved.         Powered by Koha